| 000 | 00864nam a2200277Ia 4500 | ||
|---|---|---|---|
| 003 | OSt | ||
| 005 | 20221005031038.0 | ||
| 006 | a|||||r|||| 00| 0 | ||
| 007 | ta | ||
| 008 | 221004b |||||||| |||| 00| 0 eng d | ||
| 020 |
_a0745630979 _c1331.16 |
||
| 024 | _a83407 | ||
| 037 |
_b716, 30/03/2005, Bhartiya Sahitya Bhawan _cTextual |
||
| 040 |
_aCRL _cCRL _beng |
||
| 041 |
_2eng _aeng |
||
| 082 | _aWv, P3 | ||
| 100 |
_aBobbio Norberto _9121517 |
||
| 245 | 0 | _aIdea of the republic tr by Allan Cameron | |
| 260 |
_aCambridge _bPolity Press U. K. _c2003 |
||
| 300 |
_a109p. _ccm. |
||
| 650 | _aPOLITICAL SCIENCE | ||
| 700 |
_a Cameron Allan Tr. _9146274 |
||
| 700 | _a Viroli Maurizio | ||
| 942 |
_hWv, P3 _cTEXL _2cc |
||
| 999 |
_c937118 _d937118 |
||